000 00322nam a2200145Ia 4500
001 R-1266
003 CODICE-MESSINA
005 20260212102505.0
008 260211s9999 xx 000 0 und d
040 _cimportazione_messina
100 _aGiovanni Rovai
245 0 _aGigolo
260 _bRizzoli
942 _2ddc
_cBK
999 _c27766
_d27766